SIA Puzzle Hunt: Entertaining Standards Quiz Stats

 Plays Quiz Updated Sep 22, 2015

Score 0/18 Timer 10:00
0 Plays Today
% Correct
What stage name is shared by wrestler Steve Borden, Sr. and musician Gordon Sumner????
76.8%
What movie, released on May 25, 1977, went on to win 6 Academy Awards????
74.9%
What actor from 'ER' appeared in 'The Librarian' trilogy of movies????
72.7%
What musical, based on a Gregory Maguire book that's a retelling of a 1900 book, won Idina Menzel a Tony????
72.7%
What cartoon dog, first appearing in 1950, has a brother named Spike and a sister named Belle????
71.7%
What actress who got her start as a child in 'A Miracle on 34th Street' died in a boating accident????
69.7%
What English rocker, famed for Traffic and Blind Faith, had a solo hit with 'Valerie'????
69.1%
What Val Kilmer fantasy movie shares its name with a character from 'Buffy the Vampire Slayer'????
68.4%
What canonized figure appears in the title of a Rob Lowe-Demi Moore movie????
66.4%
% Correct
What Grammy-winning number 1 Billboard hit by Justin Timberlake featured Timbaland????
65.8%
What screenwriter brought us Meg Ryan classics such as 'When Harry Met Sally…' and 'Sleepless in Seattle'????
64.2%
What Scottish-born musician did the theme music for the Bond film 'For Your Eyes Only'????
63%
What 80's R&B pop band spun off acts like Bell Biv DeVoe and Bobby Brown????
61.8%
What comic strip about avian newspapermen ran from 1977 to 2000 when artist Jeff MacNelly passed away????
60.6%
What were the call letters for the TV station that Mary Richards and Lou Grant worked at????
60.2%
What Tony-winning musical was based on Federico Fellini's 8½????
59.8%
What 'Law & Order' staple more recently has played Martin Sheen's love interest on 'Grace and Frankie'????
59.4%
What Treat Williams TV drama is named after the Colorado town where it takes place????
57.2%

You're not logged in!

Compare scores with friends on all Sporcle quizzes.
Join for Free
OR
Log In

You Might Also Like...

Show Comments

Extras

Top Quizzes Today


Score Distribution

Your Account Isn't Verified!

In order to create a playlist on Sporcle, you need to verify the email address you used during registration. Go to your Sporcle Settings to finish the process.

Report this User

Report this user for behavior that violates our Community Guidelines.

Details: